| 000 | 00448nam a2200169Ia 4500 | ||
|---|---|---|---|
| 008 | 130318s9999 xx 000 0 und d | ||
| 020 | _a8120311361 | ||
| 082 | _a511.313 KLI/F | ||
| 100 | _aKlir, George J | ||
| 245 | _aFuzzy sets and fuzzy logic: Theory and applications | ||
| 260 |
_bPHI Learning _aNew Delhi _c1997 |
||
| 300 | _a574 | ||
| 650 | _aARTIFICIAL INTELLIGENCE | ||
| 650 | _aFUZZY LOGIC | ||
| 650 | _aFUZZY SETS | ||
| 700 | _aYuan, Bo | ||
| 999 |
_c241 _d241 |
||